书目信息 |
| 题名: |
学生爱国主义的教育
|
|
| 作者: | 魏茂峰 , 陈玙 编著 | |
| 分册: | ||
| 出版信息: | 合肥 安徽人民出版社 2012 |
|
| 页数: | 214页 | |
| 开本: | 23cm | |
| 丛书名: | 最新学校与教育系列丛书 | |
| 单 册: | ||
| 中图分类: | G631.4 | |
| 科图分类: | ||
| 主题词: | 中小学生--Zhong Xiao Xue Sheng--爱国主义教育 | |
| 电子资源: | ||
| ISBN: | 978-7-212-05145-7 | |
| 000 | 01225nam 2200301 450 | |
| 001 | 012001003652 | |
| 005 | 20131026152000.0 | |
| 010 | @a978-7-212-05145-7@dCNY27.80 | |
| 099 | @aCAL 012014110605 | |
| 100 | @a20140826d2012 ekmy0chiy50 ea | |
| 101 | 0 | @achi |
| 102 | @aCN@b340000 | |
| 105 | @ay z 000yy | |
| 106 | @ar | |
| 200 | 1 | @a学生爱国主义的教育@AXue Sheng Ai Guo Zhu Yi De Jiao Yu@f魏茂峰, 陈玙编著 |
| 210 | @a合肥@c安徽人民出版社@d2012 | |
| 215 | @a214页@d23cm | |
| 225 | 2 | @a最新学校与教育系列丛书@AZui Xin Xue Xiao Yu Jiao Yu Xi Lie Cong Shu |
| 225 | 2 | @a学生德育教育与培养艺术丛书@AXue Sheng De Yu Jiao Yu Yu Pei Yang Yi Shu Cong Shu |
| 330 | @a祖国是哺育我们的母亲,是生命的摇篮,我们应该因为自己是一个中国人而感到骄傲。学校要坚持抓好学生的爱国主义教育,使他们从小热爱祖国。本书内容包括:学生爱国主义教育的指导、学生爱国主义教育的故事、爱国主义教育示范基地讲解三章。 | |
| 410 | 0 | @12001@a最新学校与教育系列丛书 |
| 410 | 0 | @12001@a学生德育教育与培养艺术丛书 |
| 606 | 0 | @a中小学生@AZhong Xiao Xue Sheng@x爱国主义教育 |
| 690 | @aG631.4@v5 | |
| 701 | 0 | @a魏茂峰@AWei Mao Feng@4编著 |
| 701 | 0 | @a陈玙@AChen Yu@4编著 |
| 801 | 2 | @aCN@b江苏凤凰@c20191020 |
| 905 | @b1227301-4@dG631.4@e716@f4 | |
| 学生爱国主义的教育/魏茂峰, 陈玙编著.-合肥:安徽人民出版社,2012 |
| 214页;23cm.-(最新学校与教育系列丛书).-(学生德育教育与培养艺术丛书) |
| ISBN 978-7-212-05145-7:CNY27.80 |
| 祖国是哺育我们的母亲,是生命的摇篮,我们应该因为自己是一个中国人而感到骄傲。学校要坚持抓好学生的爱国主义教育,使他们从小热爱祖国。本书内容包括:学生爱国主义教育的指导、学生爱国主义教育的故事、爱国主义教育示范基地讲解三章。 |
| ● |
| 相关链接 |
|
|
|
|
正题名:学生爱国主义的教育
索取号:G631.4/716
 
预约/预借
| 序号 | 登录号 | 条形码 | 馆藏地/架位号 | 状态 | 备注 |
| 1 | 1227301 | 212273010 | 第一样本阅览室/ [索取号:G631.4/716] | 在馆 | |
| 2 | 1227302 | 212273029 | 教育系资料室/ [索取号:G631.4/716] | 在馆 | |
| 3 | 1227303 | 212273038 | 教育系资料室/ [索取号:G631.4/716] | 在馆 | |
| 4 | 1227304 | 212273047 | 第四借阅区/ [索取号:G631.4/716] | 在馆 |